Certifikácia značky kvality internetových obchodov v Rakúsku bakalárska práca

Gespeichert in:
Bibliographische Detailangaben
1. Verfasser: Fehér, Erika
Körperschaft: Obchodná fakulta EU. Katedra tovaroznalectva a kvality tovaru
Weitere Verfasser: Dudeková, Alena, 1986-
Format: Buch
Sprache:Slowakisch
Veröffentlicht: Bratislava 2013
Tags: Tag hinzufügen
Keine Tags, Fügen Sie das erste Tag hinzu!

MARC

LEADER 00000nbm a2200000 4500
001 0171229
005 20161109112024.6
041 0 |a slo 
044 |a SK 
245 1 0 |a Certifikácia značky kvality internetových obchodov v Rakúsku  |b bakalárska práca  |c Erika Fehér ; školiteľ: Alena Dudeková 
264 1 |a Bratislava  |c 2013 
300 |a 43 s. 
100 1 |a Fehér, Erika 
700 1 |a Dudeková, Alena, 1986- 
710 2 |a Obchodná fakulta EU. Katedra tovaroznalectva a kvality tovaru